• 首页
  • 本馆介绍
  • 公告通知
  • 最新文献
  • 馆藏检索
  • 电子资源
  • 读者导购
  • 参考咨询
  • 我的图书馆
  • 登录
  • 详细信息显示
  • 放入我的书架
  • 预约/预借图书
  • 作者相关作品
  • 分类相关作品
  • 丛书相关作品
  • 出版社相关作品

书目信息

  • 表格格式
  • 工作单格式
  • 卡片格式
题名:
安全管理学
    
 
作者: 王凯全 编著
分册:  
出版信息: 北京   化学工业出版社  2011.08
页数: 255页
开本: 24cm
丛书名:
单 册:
中图分类: X915.2
科图分类:
主题词: 安全管理学--高等学校--教材 , 安全管理学
电子资源:
ISBN: 978-7-122-11236-1
000 00916nam0 2200265 450
001 010010083688
005 20130627094200.73
010    @a978-7-122-11236-1@dCNY35.00
100    @a20110909d2011 em y0chiy50 ea
101 0  @achi
102    @aCN@b110000
105    @aak z 000yy
106    @ar
200 1  @a安全管理学@9an quan guan li xue@dSafety management@f王凯全等编著@zeng
210    @a北京@c化学工业出版社@d2011.08
215    @a255页@c图@d24cm
300    @a高等学校教材
330    @a本书以系统安全管理理论为指导,从安全管理法规和制度、安全管理体系、安全管理技术、安全设备、事故管理、风险和保险、安全文化等角度,介绍了常规安全管理学和现代安全管理学的主要内容。
510 1  @aSafety management@zeng
606 0  @a安全管理学@x高等学校@j教材
606 0  @a安全管理学
690    @aX915.2@v4
701  0 @a王凯全@9wang kai quan@4编著
801  0 @aCN@bRENTIAN@c20110909
905    @b546161-64@dX915.2@e9@f4
    
    安全管理学=Safety management/王凯全等编著.-北京:化学工业出版社,2011.08
    255页:图;24cm
    高等学校教材
    
    ISBN 978-7-122-11236-1:CNY35.00
    本书以系统安全管理理论为指导,从安全管理法规和制度、安全管理体系、安全管理技术、安全设备、事故管理、风险和保险、安全文化等角度,介绍了常规安全管理学和现代安全管理学的主要内容。
●
相关链接 在E读中查询图书 在五车中查询图书 在当当中查询图书 在豆瓣中查询图书


正题名:安全管理学     索取号:X915.2/9         预约/预借

序号 登录号 条形码 馆藏地/架位号 状态 备注
1 546161   205461613   第二样本阅览室/ [索取号:X915.2/9] 在馆    
2 546162   205461622   第三借阅区/ [索取号:X915.2/9] 在馆    
3 546163   205461631   第三借阅区/ [索取号:X915.2/9] 在馆    
4 546164   205461640   第三借阅区/ [索取号:X915.2/9] 在馆    
欢迎您!
大连网信软件有限公司© 版权所有